| 000 | 01918nam a22005294i 4500 | ||
|---|---|---|---|
| 003 | PE-LiUPU | ||
| 005 | 20250731180059.0 | ||
| 008 | 140428s2014 spa a 000 0 cat d | ||
| 020 | _a8483842807 | ||
| 020 | _a9788483842805 | ||
| 035 | _a(Sirsi) i9788483842805 | ||
| 040 |
_aBNM _bspa _erdc _cBNM _dPE-LiUPU |
||
| 049 | _aPRUA | ||
| 080 |
_a519 _bP19 _220 |
||
| 100 | 1 |
_aPalmer Pol, Alfonso Luis, _eautor. |
|
| 245 | 1 | 0 |
_aAnálisis de datos en diseños experimentales / _cAlfonso Luis Palmer Pol. |
| 250 | _aSegunda edición. | ||
| 264 |
_aPalma, Illes Balears : _bEdicions UIB, _c2014. |
||
| 300 |
_a517 páginas : _bilustraciones ; _c24 centímetros. |
||
| 490 | 0 |
_aCol·lecció Materials didàctics / Universitat de les Illes Balears ; _v145 |
|
| 504 | _aBibliografía : página 517. | ||
| 505 | 0 | _aEl diseño factorial entre-grupos -- Condiciones de aplicación del diseño factorial -- Análisis de efectos principales -- Estudio de una interacción significativa -- Diseño factorial axbxc. | |
| 526 | _aSEG44 | ||
| 526 | _aSEG26 | ||
| 526 | _aP159 | ||
| 526 | _aP155 | ||
| 526 | _aP154 | ||
| 526 | _aP153 | ||
| 526 | _aP150 | ||
| 526 | _aP100 | ||
| 526 | _aP31 | ||
| 526 | _aP30 | ||
| 526 | _aP26 | ||
| 526 | _aP25 | ||
| 526 | _aP24 | ||
| 526 | _aP22 | ||
| 526 | _aP15 | ||
| 526 | _aP10 | ||
| 650 | 1 | 7 |
_aDiseño experimental _2embne |
| 910 |
_ajck _bncf _cncf _d20160804 |
||
| 942 |
_2ddc _cBOOK |
||
| 949 |
_a519 P19 _wDEWEY _c1 _i74315 _d2016-8-29 _e2016-8-26 _lCCODEBUL1 _mBUL _n1 _p45.66 _r0 _sY _tBOOK _u2016-8-4 _xINGENIERIA _0COMPRA _o.STAFF. Colección General |
||
| 994 |
_aC0 _bPEPRU |
||
| 596 | _a1 | ||
| 999 |
_a519 P19 _wDEWEY _c11741 _i74315 _d11741 _e2018-2-21 _f2021-11-5 _g7 _lCCODEBUL1 _mBUL _n4 _p45.66 _q1 _r0 _sY _tBOOK _u2016-8-4 _xBIBLIOTECA _PP27 _0COMPRA _o.STAFF. Colección General |
||
| 980 |
_81 _gALBERTO SANCHEZ Responsable de Automatización |
||